000 00841nas a2200277 4500
001 BR0202194
003 BR-BrBNA
005 20231205102925.0
007 ta
008 230509b bl.|||p| |||| 00| 00por d
040 _aBR-BrBNA
_bpor
_cBiblioteca Nacional de Agricultura
041 _a(Pt)
072 _aL70
100 1 _aMarques, M.S.
100 1 _aSilva, L.C.L.C. da
100 1 _aBaccarin, R.Y.A.
100 1 _aFernandes, W.R.
100 1 _aPrado Filho, J.R.C. do
245 1 _aDiagnóstico e tratamento de hematoma etmoidal por trepanação e sinoscopia frontal em um eqüino
650 _aCAVALO
650 _aRADIOGRAFIA
650 _aHEMOGRAMA
773 0 _tVeterinária Notícias (Brazil)
_xISSN 0104-3463
_g(2001), v. 7(2) p. 135-138
_wBR0202194
909 _a202311
_bLúcia
_c55
_dLúcia Elande
942 _2AGRIS
_n0
_cANA
999 _c170081
_d170081